00525nam a22001457a 4500003000400000005001700004008004100021040001100062041001200073100005100085245009300136260005100229650004300280856005600323OSt20260324104638.0260324b |||||||| |||| 00| 0 eng d cMRSPTU aEnglish aAvinash Choudhary, Supervisor: Dr. Amit Bhatia aTo Study The Effect Of Different Binders On Release Of Paracetamol In Tablet Formulation bDepartment of Pharmacy, MRSPTU, Bathindac2022 aPharmaceutical Sciences and Technology uhttp://163.47.215.52:8080/jspui/handle/123456789/73